000 01532cam a2200217 4500
001 WB3709-22
008 000000n2001 000 0 eng u
035 _a(Sirsi) u111220
245 _aSurveyor negligence
260 _c2001
490 _aEstates Gazette Case Summaries
_v[2001] EGCS 20(1) (24/02/02)
520 _a"Merrett v Babb" CA 15 February 2001. In 1992 the Bradford & Bingley Building Society instructed a firm of surveyors to inspect the property M and her mother wished to buy and to prepare a report using their valuation forms. B, as an employee of the firm, then made and signed a mortgage valuation. In 1995, when the whole beneficial interest in the property was transferred to her, M began proceedings against B alleging that the valuation was negligent. The judge held that B, whose professional indemnity insurance was cancelled in 1994 without run-off cover, had owed M and her mother a duty of care and had been negligent. Damages of £14,500 were awarded. On appeal B contended that as an employee of the firm he had not assumed personal responsibility and therefore owe M a duty of care and that M was only entitled to half the amount of damages as she had only had a half interest in the property. "Held": Appeal dismissed.
590 _aWB
650 _aDUTY OF CARE
650 _aEMPLOYEE'S DUTY OF CARE
650 _aPROFESSIONAL INDEMNITY INSURANCE
650 _aRESIDENTIAL PROPERTY
_96266
650 _aValuation
_96273
690 _aPROFESSIONAL PRACTICE-NEGLIGENCE-CASE LAW
942 _n0
999 _c66265
_d66265